[Event "AUT-ch U12 Girls"]
[Site "St Kanzian"]
[Date "2018.05.21"]
[Round "5.5"]
[White "Vu Tran, Tue Anh"]
[Black "Danninger, Franziska"]
[Result "1-0"]
[WhiteElo "1062"]
[BlackElo "1053"]
[PlyCount "73"]
[EventDate "2018.05.19"]
[EventType "swiss"]
[EventRounds "7"]
[EventCountry "AUT"]
[SourceTitle "EXT 2024"]
[Source "ChessBase"]
[SourceDate "2023.10.10"]
[SourceVersion "1"]
[SourceVersionDate "2023.10.10"]
[SourceQuality "1"]

1. d4 d5 2. c4 e6 3. Nc3 Nf6 4. Nf3 a6 5. Bg5 Be7 6. e3 dxc4 7. a4 h6 8. Bh4 0-0 9. Bxc4 Nbd7 10. 0-0 c5 11. Re1 b6 12. Ne5 Nxe5 13. dxe5 Nd7 14. Bxe7 Qxe7 15. Qf3 Rb8 16. Qg3 Bb7 17. Rad1 Rfd8 18. Rd6 a5 19. Red1 Ba8 20. Bb5 Nf8 21. Rxd8 Rxd8 22. Rxd8 Qxd8 23. f4 Qd2 24. Qf2 Qc1+ 25. Bf1 Bd5 26. Nxd5 exd5 27. h3 Qa1 28. Qc2 d4 29. exd4 cxd4 30. Qd2 Ne6 31. f5 Nc5 32. Qxd4 Qxa4 33. Bc4 b5 34. Qd8+ Kh7 35. Bxf7 Qa1+ 36. Kh2 Qxb2 37. Bg6# 1-0

[Event "AUT-ch U12 Girls"]
[Site "St Kanzian"]
[Date "2018.05.19"]
[Round "2.2"]
[White "Danninger, Franziska"]
[Black "Katter, Marlene"]
[Result "0-1"]
[WhiteElo "1053"]
[BlackElo "1398"]
[PlyCount "164"]
[EventDate "2018.05.19"]
[EventType "swiss"]
[EventRounds "7"]
[EventCountry "AUT"]
[SourceTitle "EXT 2024"]
[Source "ChessBase"]
[SourceDate "2023.10.10"]
[SourceVersion "1"]
[SourceVersionDate "2023.10.10"]
[SourceQuality "1"]

1. e4 e6 2. d4 d5 3. exd5 exd5 4. Bb5+ c6 5. Bd3 Bd6 6. Ne2 Nf6 7. h3 0-0 8. Nd2 Be6 9. Nf1 Nbd7 10. Bf4 Be7 11. Nfg3 Qb6 12. Rb1 Rac8 13. c3 c5 14. Nf5 Bxf5 15. Bxf5 Rcd8 16. 0-0 Rfe8 17. Bg5 h6 18. Bxf6 Nxf6 19. Nf4 cxd4 20. cxd4 Bd6 21. Ne2 Re7 22. Qd2 Bb4 23. Nc3 Ne4 24. Qd3 Nf6 25. a3 Bd6 26. Nb5 Bb8 27. Rfe1 Ree8 28. Re2 a6 29. Nc3 Qd6 30. g3 Rxe2 31. Nxe2 Re8 32. Rc1 Nd7 33. Bxd7 Qxd7 34. h4 Ba7 35. Nf4 Re4 36. Ne2 g6 37. b3 Qe7 38. Re1 Qxa3 39. Kf1 Qe7 40. Qd2 h5 41. Qh6 Bxd4 42. Rc1 Qf8 43. Qxf8+ Kxf8 44. Rc8+ Kg7 45. Rb8 b5 46. Ra8 Bf6 47. Rxa6 Rb4 48. Ra3 Bb2 49. Ra6 Rxb3 50. Ra5 d4 51. Nf4 b4 52. Rb5 Bc3 53. f3 Rb2 54. Nd3 Rb3 55. Ke2 Rb1 56. g4 hxg4 57. fxg4 Rh1 58. h5 Rh2+ 59. Kf3 Rh3+ 60. Ke2 Re3+ 61. Kd1 Rxd3+ 62. Kc2 Rd2+ 63. Kb3 d3 64. hxg6 fxg6 65. g5 Rb2+ 66. Kc4 d2 67. Rb7+ Kg8 68. Rb8+ Kh7 69. Rb7+ Bg7 70. Rd7 b3 71. Kb4 Kg8 72. Rd8+ Kf7 73. Rd3 Ke6 74. Kc4 Ke5 75. Rd4 Kf5 76. Rd5+ Kf4 77. Rd6 Kxg5 78. Rd5+ Kf4 79. Rd3 g5 80. Rd5 g4 81. Rxd2 Rxd2 82. Kxb3 Ke3 0-1

[Event "AUT-ch U10 Girls"]
[Site "St Veit"]
[Date "2016.05.29"]
[Round "7.8"]
[White "Zeindl, Julia"]
[Black "Danninger, Franziska"]
[Result "1/2-1/2"]
[WhiteElo "898"]
[BlackElo "800"]
[PlyCount "74"]
[EventDate "2016.05.27"]
[EventType "swiss"]
[EventRounds "7"]
[EventCountry "AUT"]
[SourceTitle "EXT 2024"]
[Source "ChessBase"]
[SourceDate "2023.10.10"]
[SourceVersion "1"]
[SourceVersionDate "2023.10.10"]
[SourceQuality "1"]

1. e4 e5 2. Nc3 Nc6 3. Nf3 Bb4 4. Bb5 a6 5. 0-0 axb5 6. Nxb5 Nf6 7. d4 exd4 8. Nfxd4 Nxd4 9. Bg5 0-0 10. Qxd4 Be7 11. e5 Nh5 12. Bxe7 Qxe7 13. Rfe1 Ra5 14. Nxc7 d5 15. Nxd5 Qd7 16. Rad1 Qd8 17. b4 Rxa2 18. c4 Ra4 19. b5 Ra5 20. Qe3 Ra4 21. Nb6 Qc7 22. Nxa4 Qxc4 23. Rd4 Qxb5 24. Qg5 g6 25. Nc3 Qe8 26. Rd8 Qxd8 27. Qxd8 Rxd8 28. e6 Bxe6 29. Nd1 Bb3 30. Ne3 b5 31. Ng4 Be6 32. Rb1 Rb8 33. h3 Bf5 34. Nh6+ Kg7 35. Nxf5+ Kf6 36. Ng3 b4 37. Nxh5+ gxh5 1/2-1/2

[Event "AUT-ch U10 Girls"]
[Site "St Veit"]
[Date "2016.05.28"]
[Round "6.7"]
[White "Danninger, Franziska"]
[Black "Valtiner, Valentina"]
[Result "0-1"]
[WhiteElo "800"]
[BlackElo "809"]
[PlyCount "82"]
[EventDate "2016.05.27"]
[EventType "swiss"]
[EventRounds "7"]
[EventCountry "AUT"]
[SourceTitle "EXT 2024"]
[Source "ChessBase"]
[SourceDate "2023.10.10"]
[SourceVersion "1"]
[SourceVersionDate "2023.10.10"]
[SourceQuality "1"]

1. d4 Nc6 2. Nf3 Nf6 3. Nc3 d5 4. Bg5 Qd6 5. e3 h6 6. Bh4 Ne4 7. Nxe4 dxe4 8. Ne5 Nxe5 9. dxe5 Qxd1+ 10. Rxd1 Be6 11. Bb5+ c6 12. Ba4 Bxa2 13. Ra1 Be6 14. 0-0 b5 15. Bb3 Bxb3 16. cxb3 Rd8 17. Rfd1 Rxd1+ 18. Rxd1 g6 19. Rd4 f5 20. e6 Bg7 21. Rd7 g5 22. Bg3 0-0 23. Rxe7 Bxb2 24. Rd7 Re8 25. e7 Kf7 26. Bd6 Bf6 27. Rxa7 Bxe7 28. Bxe7 Rxe7 29. Rxe7+ Kxe7 30. g3 Kd6 31. f4 g4 32. Kf1 Kc5 33. Ke1 Kb4 34. Kd1 Kxb3 35. Kc1 c5 36. Kb1 b4 37. Kc1 c4 38. Kb1 c3 39. Kc1 c2 40. Kd2 Kb2 41. Ke2 c1Q 0-1

[Event "AUT-ch U10 Girls"]
[Site "St Veit"]
[Date "2016.05.28"]
[Round "5.9"]
[White "Warmuth, Antonia"]
[Black "Danninger, Franziska"]
[Result "0-1"]
[WhiteElo "800"]
[BlackElo "800"]
[PlyCount "72"]
[EventDate "2016.05.27"]
[EventType "swiss"]
[EventRounds "7"]
[EventCountry "AUT"]
[SourceTitle "EXT 2024"]
[Source "ChessBase"]
[SourceDate "2023.10.10"]
[SourceVersion "1"]
[SourceVersionDate "2023.10.10"]
[SourceQuality "1"]

1. e4 e5 2. Nf3 Nc6 3. Bb5 Bb4 4. Nc3 a6 5. Bxc6 bxc6 6. 0-0 Nf6 7. a3 Ba5 8. b4 Bb6 9. h3 0-0 10. d3 d6 11. Bg5 Be6 12. a4 d5 13. a5 Ba7 14. d4 exd4 15. Nxd4 Bd7 16. e5 Ne4 17. Bxd8 Raxd8 18. Nxe4 dxe4 19. Re1 c5 20. bxc5 Bxc5 21. Rxe4 Bb4 22. Ra4 c5 23. Nb3 Bxa4 24. e6 fxe6 25. Rxe6 Rxd1+ 26. Kh2 c4 27. Nd4 Re1 28. Rxa6 Re4 29. Ne6 Rxf2 30. Kg3 Rf5 31. Nc7 h5 32. Ra8+ Rf8 33. Ra6 h4+ 34. Kh2 Be1 35. Ne6 Bg3+ 36. Kh1 Re1# 0-1